Missing Word: Greatest Hip-Hop Songs Quiz Stats

 Plays Quiz Updated Oct 9, 2017

Challenge
Share
Tweet
Embed
Score 0/20 Timer 03:00
3 Plays Today
Song Word % Correct
Straight Outta _______Compton
96.3%
In Da ____Club
89.4%
99 _____Problems
89.3%
____ YourselfLose
88.6%
My _____ IsName
87.4%
Nuthin' But a 'G' _____Thang
87.4%
Me _____ and IMyself
85.2%
It Was a Good _____Day
82.8%
Mama Said _____ You OutKnock
77.2%
Rapper's _____Delight
74%
Song Word % Correct
Get Ur _____ OnFreak
70%
Dear ____Mama
69.3%
_____ LoveCalifornia
69.1%
______ the PowerFight
68.1%
_____ WalksJesus
65.2%
_____ ReverePaul
60.4%
_____ Playing Tricks on MeMind
56.9%
_____ Without a PauseRebel
39%
Sucker _____M.C.'s
22.9%
_____ RockPlanet
19.7%

Today's Daily Dose

You're not logged in!

Compare scores with friends on all Sporcle quizzes.
Join for Free
OR
Log In

You Might Also Like...

Show Comments

Extras

Top Quizzes Today


Score Distribution

Your Account Isn't Verified!

In order to create a playlist on Sporcle, you need to verify the email address you used during registration. Go to your Sporcle Settings to finish the process.

Report this User

Report this user for behavior that violates our Community Guidelines.

Details: